000 00538nam a2200193Ia 4500
008 120924t2009 xxu||||| |||| 00| 0 sin d
041 _asin
080 _a8-31 (eng)
_bBAL
100 _aBallantyne,R.M
245 _aකොරල් දූපත
246 _aKoral Dupatha
260 _aGodage
_aColombo
_c2009
300 _b392p, 21 cm
500 _aSinhalese Translation of R.M Ballantyne's of The Corel Island
700 _aKahatapitiya,Lakshman
_etr.
942 _cBK
999 _c41936
_d41936
003 LK-CoDNM
040 _aLK-CoDNM
_dLK-CoDNM
_eLK-CoDNM